000 00209nam a2200109Ia 4500
100 _a#N/A
942 _cBK
654 _awork interactions
245 _aBusiness Etiquette
260 _b#N/A
546 _aENGLISH
999 _c32876
_d32876